000 00563cam a22002053a 4500
001 39482
003 PGUSA
005 20140828083858.0
008 120419s2012||||xxu|||||s|||||000 | eng d
040 _aPGUSA
_beng
042 _adc
100 1 _aOnions, Oliver,
_d1873-1961
245 1 0 _aMushroom Town
_h[electronic resource] /
_cOliver Onions
260 _bProject Gutenberg,
_c2012
506 _aPublic domain in the USA.
516 _aElectronic text
830 0 _aProject Gutenberg
_v39482
856 4 0 _uhttp://www.gutenberg.org/ebooks/39482
942 _cEB
999 _c268735
_d268735